000 01297nam a22002177a 4500
005 20210325191715.0
008 s2539 th tha d
041 _atha
090 _aว JS7408.2.N37 ล344ก 2539
100 0 _aลำพอง พิลาสมบัติ
245 1 0 _aการประเมินผลการบริหารงานองค์การบริหารส่วนตำบล กรณีศึกษาองค์การบริหารส่วนตำบลประทาย จังหวัดนครราชสีมา
260 3 _aม.ป.ท. :
_bสถาบันพระปกเกล้า,
_c2539
300 _a72 หน้า :
_b แผนภูมิ, ตาราง ;
_c 30 ซม.
650 0 4 _aองค์การบริหารส่วนตำบล -- รายได้
650 0 4 _aพระราชบัญญัติสภาตำบลและองค์การบริหารส่วนตำบล พ.ศ. 2537
650 0 4 _aองค์การบริหารส่วนตำบล -- นครราชสีมา -- การบริหาร
850 _aNALT
942 _cRSH
997 _c000000000029310
_kVC
998 _aBENJALUCK SUTTHIWILAI
999 _c29310
_d29310